000 00462pab a2200169 454500
008 180718b2008 xxu||||| |||| 00| 0 eng d
100 _aGulshan Kumar
245 _aGrowth and forecasts of foreign direct investment inflows to South and East Asia - an empirical analysis
260 _c2008
300 _ap.17-31.
362 _aApr
650 _aForeign investment
700 _aS. Avtar
773 _aAsian Economic Review
908 _aN
909 _a78597
999 _c78597
_d78597